000 01185 a2200217 4500
001 59431
005 20260407155848.0
008 260407a2006 arg spa d
003 AR-UNSa-BCEJYS
040 _aAR-UNSa-BCEJYS
_bspa
_cAR-UNSa-BCEJYS
080 _a929:330
_xBiografía de Economistas
245 1 0 _aFernando Fajnzylber
_pUna visión renovadora del desarrollo de América Latina
020 _a92-1-322963-1
264 1 _aSantiago de Chile :
_bCEPAL (Comisión Económica para América Latina y el Caribe)
_c2006
300 _a415 p.
_c23 cm.
505 _a1. El propósito de este libro - 2. Fernando Fajnzylber y su tiempo (1940-1991) – 3. Viaje por el pensamiento y obra de Fajnzylber – 4. Fernando Fajnzylber: su visión del desarrollo productivo y empresarial en América Latina (1970-1976) – 5. Estilos de crecimiento: experiencias internacionales comparativas (1977-1991) – 6. Conceptos esenciales en la obra de Fajnzylber (1977-1988) – 7. La transformación productiva con equidad: la conclusión del pensamiento de Fajnzylber (1989-1991)
041 _aspa
942 _cBK
590 _aniveau_biblio:m niveau_hierar:0
100 1 _aTorres Olivos, Miguel
999 _c6685
_d6685